000 01353cam a2200349 a 4500
001 11769138
003 ARRUPE
005 20211008103902.0
008 990812s2000 nyu b 001 0beng
010 _a 99043000
020 _a0375753974
040 _aDLC
_cDLC
_dDLC
042 _apcc
050 0 0 _aBS2520.P55
_bW76 2001
082 0 0 _a226/.092
_221
100 1 _aWroe, Ann.
_950375
245 1 0 _aPontius Pilate /
_cAnn Wroe.
260 _aNew York :
_bModern Library,
_c2000.
300 _axv, 412 p. ;
_c21 cm.
500 _aRev. ed. of: Pilate. 1999.
500 _a"A New York times notable book"--P. [4] of cover.
504 _aIncludes bibliographical references (p. [389]-398) and index.
600 1 0 _aPilate, Pontius,
_dactive 1st century.
_950376
630 0 0 _aBible.
_pGospels
_vBiography.
_944872
700 1 _aWroe, Ann.
_tPilate.
_950377
856 4 2 _3Contributor biographical information
_uhttp://www.loc.gov/catdir/bios/random059/99043000.html
856 4 1 _3Sample text
_uhttp://www.loc.gov/catdir/samples/random043/99043000.html
856 4 2 _3Publisher description
_uhttp://www.loc.gov/catdir/description/random048/99043000.html
906 _a7
_bcbc
_corignew
_d1
_eocip
_f19
_gy-gencatlg
942 _2lcc
_cMONOGRAPH
999 _c130735
_d130735